Soviyath Kalvi Murai (Record no. 62977)
[ view plain ]
| 000 -LEADER | |
|---|---|
| fixed length control field | 00395nam a2200169Ia 4500 |
| 100 ## - MAIN ENTRY--AUTHOR NAME | |
| Personal name | "Sundharavadivelu, N D" |
| 245 #0 - TITLE STATEMENT | |
| Title | Soviyath Kalvi Murai |
| 250 ## - EDITION STATEMENT | |
| Edition statement | \\197700TAMGPCX |
| 260 ## - PUBLICATION, DISTRIBUTION, ETC. (IMPRINT) | |
| Place of publication | NCBH |
| 260 ## - PUBLICATION, DISTRIBUTION, ETC. (IMPRINT) | |
| Name of publisher | 1977 |
| 260 ## - PUBLICATION, DISTRIBUTION, ETC. (IMPRINT) | |
| Year of publication | Chennai |
| 300 ## - PHYSICAL DESCRIPTION | |
| Number of Pages | 134p |
| 500 ## - GENERAL NOTE | |
| General note | includes index and biblioraphy |
| 942 ## - ADDED ENTRY ELEMENTS (KOHA) | |
| Koha item type | Books |
| Withdrawn status | Lost status | Home library | Current library | Date acquired | Full call number | Accession Number | Koha item type |
|---|---|---|---|---|---|---|---|
| PSG-CAS LIBRARY | PSG-CAS LIBRARY | 25/04/2018 | T10 S4:7 | 72910 | Books |